La vocación vertical: el pensamiento de Gabriela Mistral sobre su oficio pedagogico
שמור ב:
| מחבר ראשי: | |
|---|---|
| פורמט: | ספר |
| שפה: | ספרדית |
| יצא לאור: |
Valparaíso
Universidad Católica de Valparaíso
1987
|
| נושאים: | |
| תגים: |
הוספת תג
אין תגיות, היה/י הראשונ/ה לתייג את הרשומה!
|
MARC
| LEADER | 00000nam a2200000 a 4500 | ||
|---|---|---|---|
| 001 | UCW6823 | ||
| 003 | CL-VaPUC | ||
| 005 | 20241016095655.0 | ||
| 008 | 920604e19870000CL |||||||||||||||||spa|d | ||
| 999 | |c 219744 |d 219742 | ||
| 040 | |c Pontificia Universidad Católica de Valparaíso | ||
| 082 | 0 | 4 | |a 370.12 |b VAL |2 21 |
| 100 | 0 | |a Valenzuela Fuenzalida, Alvaro |e author |9 311886 | |
| 245 | 1 | 3 | |a La vocación vertical: el pensamiento de Gabriela Mistral sobre su oficio pedagogico |
| 260 | |a Valparaíso |b Universidad Católica de Valparaíso |c 1987 | ||
| 300 | |a 175 h | ||
| 583 | |a last modification |c 19920604 00:00:00 |k Rodrigo Vera | ||
| 600 | 0 | |a Mistral, Gabriela, |d 1889-1957 |e autora |q Godoy Alcayaga, Lucila |9 866296 | |
| 650 | 0 | |a Crítica e interpretación |9 255042 | |
| 942 | |c BK |2 ddc | ||
| 945 | |d 19920604 00:00:00 | ||
| 952 | |0 0 |1 0 |4 0 |6 370_120000000000000_VAL_1987 |7 0 |8 P |9 211021 |a BIBEDU |b BIBEDU |c BIBEDU_PB |d 2019-11-15 |i 2792923 |o 370.12 VAL 1987 |p 2792923 |r 2024-01-25 |w 2019-11-15 |y BK |k EDU | ||
| 952 | |0 0 |1 0 |4 0 |6 370_120000000000000_VAL_1987 |7 0 |8 P |9 211022 |a BIBEDU |b BIBEDU |c BIBEDU_PB |d 2019-11-15 |i 2792931 |o 370.12 VAL 1987 |p 2792931 |r 2024-01-25 |w 2019-11-15 |y BK |k EDU | ||